Tutti gli Stati che hanno controllato Ginevra - Statistics

Statistiche generali
  • Questo quiz è stato fatto 11 volte
    8 dall'ultimo reset
  • Il punteggio medio è 17 su 23
Statistiche sulle risposte
con Immagini Hint Risposta % Corretto
800 - 843 Impero Carolingio
100%
27 a.C. - 260 Impero Romano
100%
269 - 395 Impero Romano
100%
395 - 443 Impero Romano d'Occidente
100%
(1536 - 1648) / 1648 - 1798 Prima Confederazione Svizzera
100%
1798 - 1804 Prima Repubblica Francese
100%
1804 - 1815 Primo Impero Francese
100%
1815 - Oggi Seconda Confederazione Svizzera
100%
534 - 800 Regno dei Franchi
83%
843 - 870 Regno Lotaringio di Francia Media
83%
121 a.C. - 27 a.C. Repubblica Romana
83%
1032 - 1648 Sacro Romano Impero
83%
(1250 - 1447) Vescovado di Ginevra
83%
(1490 - 1519) Vescovado di Ginevra
83%
(1523 - 1536) Vescovado di Ginevra
83%
443 - 534 Regno dei Burgundi
67%
(1447 - 1490) Ducato di Savoia
50%
(1519 - 1523) Ducato di Savoia
50%
260 - 269 Impero delle Gallie
50%
889 - 933 Regno di Alta Borgogna
50%
870 - 880 Regno Franco d'Italia
50%
933 - 1032 Regno di Arles
17%
~500 a.C. - 121 a.C. Tribù degli Allobrogi
17%
Nessun quiz corrispondente trovato
Distribuzione punteggi
Percentuale di utenti per punteggio
Percentile per numero di risposta
I tuoi punteggi nel tempo
Non hai fatto questo quiz dall'ultimo reset